15 villes les plus peuplées sur l'Ardèche - Statistiques

Statistiques générales
  • Ce quiz a été pris 28 fois
  • Le résultat moyen est 2 sur 15
Statistiques - réponses
Département Population Commune % Correct
Ardèche 12416 Aubenas
93%
Ardèche 2403 Vallon Pont d'Arc
39%
Gard 10958 Pont Saint Esprit
25%
Ardèche 2311 Ruoms
25%
Ardèche 3474 Vals les Bains
11%
Ardèche 2920 Saint Etienne de Fontbellon
7%
Ardèche 1397 Labégude
4%
Ardèche 2346 Saint Marcel d'Ardèche
4%
Ardèche 1663 Saint Privat
4%
Ardèche 1205 Thueyts
4%
Ardèche 1138 Saint Alban Auriolles
0%
Gard 1531 Saint Julien de Peyrolas
0%
Ardèche 1577 Saint Just d'Ardèche
0%
Gard 1887 Saint Paulet de Caisson
0%
Ardèche 2019 Ucel
0%
Aucun quiz correspondant
Distribution des résultats
% des personnes avec chaque résultat
Percentile par nombre de réponses
Votre historique - résultats
Vous n’avez pas pris ce quiz